Accions : programa per captar nous públics : informe 2010 programa per captar nous públics :
Descripción Física:
18 p. : il. col., gràf. ; 29 cm
MARC
| LEADER | 00000nam a2200000Ia 4500 | ||
|---|---|---|---|
| 001 | 23279 | ||
| 008 | 160829s2011 xx 000 0 cat d | ||
| 080 | |a FU-60-5 | ||
| 245 | |a Accions : |b programa per captar nous públics : |b informe 2010 | ||
| 260 | |a Barcelona : |b Diputació de Barcelona. Àrea de Cultura, |c 2011 | ||
| 300 | |a 18 p. : |b il. col., gràf. ; |c 29 cm | ||
| 650 | 0 | |a Arts de l'espectacle |z Barcelona (Catalunya : Província) |9 46568 | |
| 650 | |a Concerts |x Barcelona (Província) |9 46569 | ||
| 650 | |a Difusió cultural |x Barcelona (Província) |9 46570 | ||
| 710 | 1 | |a Barcelona (Catalunya : Província). |b Àrea de Cultura |9 53536 | |
| 901 | |a Arxiu | ||
| 942 | |n 1 | ||
| 952 | |0 0 |1 0 |4 0 |7 1 |9 53285 |a Arxiu |b Arxiu |d 2011-10-11 |h 2010 |o FU-60-5 |p 23279 |r 2016-12-01 00:00:00 |w 2016-12-01 |y ARXIU | ||
| 999 | |c 57149 |d 57149 | ||